| 000 | 02115nam a2200241Ia 4500 | ||
|---|---|---|---|
| 003 | Ost | ||
| 005 | 20260507075322.0 | ||
| 008 | 260507s9999||||xx |||||||||||||| ||und|| | ||
| 020 | _a62558299539 | ||
| 040 | _cfsecg | ||
| 041 | _aara | ||
| 082 | _a338.191751 | ||
| 100 |
_aالنجفي، سالم توفيق _eمؤلف |
||
| 245 | 0 |
_aالأمن الغذائي العربي : _bمقاربات الى صناعة الجوع / _c سالم توفيق النجفي |
|
| 260 |
_aبيروت: _bمركز دراسات الوحدة العربية, _c2009 |
||
| 300 |
_a270 صفحة؛ _bإيضاحات ؛ _c24 سم |
||
| 504 | _aببليوغرافيا: ص.247 | ||
| 520 | _aالأمن الغذائي و عولمة الغذاء و الجوع، المنظور التاريخي للبيئة الاقتصادية للأمن الغذائي، آليات تحليل العجز الغذائي و سياسات الدعم، متضمنات تحرير التجارة و الامن الغذائي، آثار تحرير التجارة الزارعية في أوضاع الامن الغذائي العربي، السياسات الوقائية للأمن الغذائي في مواجهة تحرير التجارة الزراعية، السياسات الاقتصادية الزراعية، المعونات الغذائية، الازمات الاقتصادية، الفقر و الامساوات ـ تراجع دولة الرفاهية الاجتماعية، الامن الغذائي العربي في عالم متغير، القدرات الأساسية و الخيارات الاجتماعية، الدور المعاصر للدولة في الاقتصاديات الززراعية العربية، بيئة الاقتصاد العالمي و سياسات الاصلاح الاقتصادي، اشكالية الأمن الغذائي العربي و الخيارات المعاصرة، ممكنات و أداء الأمن الغذائي العربي | ||
| 653 | _aالاقتصاد الغذائي | ||
| 653 | _aالأمن الغذائي | ||
| 653 | _aالأمن الغذائي- البلدان العربية | ||
| 942 | _cكتاب | ||
| 999 |
_c43937 _d43937 |
||